ՀՀ Գիտությունների ազգային ակադեմիայի հիմնարար գիտական գրադարան  =   Fundamental Scientific Library of NAS RA

Далекие острова Вест-Индии / (Record no. 236815)

MARC details
000 -LEADER
fixed length control field 00886nam a2200253 u 4500
001 - CONTROL NUMBER
control field 000584250
003 - CONTROL NUMBER IDENTIFIER
control field AM-YeHGA
005 - DATE AND TIME OF LATEST TRANSACTION
control field 20250617141338.0
008 - FIXED-LENGTH DATA ELEMENTS--GENERAL INFORMATION
fixed length control field 080604s1984 |||| |||||||||| | rus c
040 ## - CATALOGING SOURCE
Original cataloging agency AM-YeHGA
041 0# - LANGUAGE CODE
Language code of text/sound track or separate title rus
090 ## - LOCALLY ASSIGNED LC-TYPE CALL NUMBER (OCLC); LOCAL CALL NUMBER (RLIN)
-- 238383
100 1# - MAIN ENTRY--PERSONAL NAME
Personal name Аксенов, Лев Алексеевич
245 10 - TITLE STATEMENT
Title Далекие острова Вест-Индии /
Statement of responsibility, etc. Л.А. Аксенов, А.С. Фетисов.
260 ## - PUBLICATION, DISTRIBUTION, ETC.
Place of publication, distribution, etc. Москва :
Name of publisher, distributor, etc. Мысль,
Date of publication, distribution, etc. 1984.
300 ## - PHYSICAL DESCRIPTION
Extent 95 стр :
Other physical details илл., карты, 8 л. илл. ;
Dimensions 20 см.
650 14 - SUBJECT ADDED ENTRY--TOPICAL TERM
Topical term or geographic name entry element Географические науки
650 14 - SUBJECT ADDED ENTRY--TOPICAL TERM
Topical term or geographic name entry element Страноведение
653 0# - INDEX TERM--UNCONTROLLED
Uncontrolled term Багамские острова
653 0# - INDEX TERM--UNCONTROLLED
Uncontrolled term Гренада
653 0# - INDEX TERM--UNCONTROLLED
Uncontrolled term Барбадос
653 0# - INDEX TERM--UNCONTROLLED
Uncontrolled term Тринидад и Тобаго
700 1# - ADDED ENTRY--PERSONAL NAME
Personal name Фетисов, Александр Степанович
Holdings
Withdrawn status Lost status Damaged status Not for loan Collection Home library Current library Date acquired Total checkouts Full call number Barcode Date last seen Price effective from Koha item type Public note
        General Fundamental Scientific Library Fundamental Scientific Library 28/12/2016   PII/515226 FL0205233 28/12/2016 28/12/2016 Գրքեր / Books 30 Days Loan
        General Fundamental Scientific Library Fundamental Scientific Library 28/12/2016   PII/518147 FL0200578 28/12/2016 28/12/2016 Գրքեր / Books 30 Days Loan


ՀՀ ԳԱԱ հիմնարար գիտական գրադարան
ՀՀ,Երևան 0019
Մարշալ Բաղրամյան 24/6
հեռախոս:(374-10) 52-47-50
Հետադարձ կապ

All site content, except where otherwise noted, is licensed under a
Creative Commons License